| 000 | 01619nam a2200361 c 4500 | ||
|---|---|---|---|
| 003 | BLK | ||
| 005 | 20180420223659.0 | ||
| 008 | 180408b bul|||||r ||||||| ||bul|| | ||
| 010 | _aKNG00073800000 | ||
| 020 |
_a954-9858-02-2 _bиздат.: Инст. за регионални и междунар. изследвания - ИРМИ |
||
| 040 | _aBLK | ||
| 041 |
_aBUL _cBUL |
||
| 080 |
_aТеория и философия на историята. Морфология на историята _b930.1 _x(075.3) _z930.1(075.3) |
||
| 080 |
_aГеополитика _b327:911.3 _x(075.3) _z327:911.3(075.3) |
||
| 100 | 1 |
_aБацаров, Здравко Иванов _eпърви автор _9294434 |
|
| 139 |
_aБацаров, Здравко Иванов _bБ 30 |
||
| 245 | 1 | 0 |
_aГеополитически системи _cЗдравко Иванов Бацаров. |
| 257 | _aBGR | ||
| 260 |
_аСофия _bИнст. за регионални и междунар. изследвания - ИРМИ _c1999 |
||
| 300 |
_a356 с. _bс к. _c24 см |
||
| 380 | _a9 | ||
| 500 | _aСъдържа и Именен показалец. - Рез. на англ. ез. - Библиогр. с. 234-239 | ||
| 504 | _a234-239 | ||
| 650 | 4 |
_aИстория - теория и философия _9242501 |
|
| 650 | 4 |
_aПолитическа география _9257535 |
|
| 653 | _aгеополитика | ||
| 653 | _aсветовна история | ||
| 852 | _aЦб 232988 | ||
| 856 | 4 |
_qpdf _u |
|
| 856 | 4 |
_qpdf _u |
|
| 942 |
_cKNG _n0 |
||
| 944 |
_aCR _c05.04.2007 _kГеновева_Генчева |
||
| 944 |
_aED _c01.07.2015 _kВиолета_Тройчева |
||
| 999 |
_c69453 _d69453 |
||